Générique Dare Dare Motus - Paroles - Statistiques

Statistiques générales
  • Ce quiz a été pris 9 fois
  • Le résultat moyen est 8 sur 13
Statistiques - réponses
Paroles % Correct
Dare Dare {Motus}
86%
Dare Dare {Motus}
86%
Dare Dare {Motus}
86%
Peut être pour tromper l'{ennemi}
86%
Vétu d'un bandeau sur un {oeil}
86%
Bon sang, mais c'est une {souris}
71%
Souris bâton de {dynamite}
57%
Deux lettres sur son {ventre} supposent
43%
Que c'est la super hyper super {souris}
43%
Ses deux grandes oreilles sont toutes {roses}
43%
Souris {aérodynamique}
43%
La souris de l'ère {atomique}
29%
Un agent secret se lève du {fauteuil}
29%
Aucun quiz correspondant
Distribution des résultats
% des personnes avec chaque résultat
Percentile par nombre de réponses
Votre historique - résultats
Vous n’avez pas pris ce quiz